[Event "EU-ch 25th"]
[Site "Eforie Nord"]
[Date "2025.03.22"]
[Round "7"]
[White "Engel, Luis"]
[Black "Boder, Jan"]
[Result "1-0"]
[WhiteElo "2555"]
[BlackElo "2317"]
[PlyCount "81"]
[EventDate "2025.03.15"]
[EventType "swiss"]
[EventRounds "11"]
[EventCountry "ROU"]
[SourceTitle "CB13_2025"]
[SourceDate "2025.03.26"]
[SourceVersion "1"]
[SourceVersionDate "2025.03.26"]
[SourceQuality "1"]

1. e4 e5 2. Nf3 Nc6 3. Bb5 a6 4. Ba4 d6 5. c4 Bd7 6. Nc3 Nf6 7. 0-0 Be7 8. Bxc6 Bxc6 9. Re1 0-0 10. d4 Re8 11. h3 Bf8 12. Qc2 h6 13. Be3 exd4 14. Bxd4 b5 15. Rad1 bxc4 16. Nd2 Nh5 17. Nxc4 Re6 18. Qe2 Nf4 19. Qf3 Ng6 20. Nd5 Qd7 21. Na5 Bb5 22. b3 c5 23. Bc3 Rae8 24. a4 Bc6 25. Nxc6 Qxc6 26. Qd3 c4 27. bxc4 Rc8 28. c5 dxc5 29. Qc4 Bd6 30. Rb1 Rb8 31. Rxb8+ Bxb8 32. Rb1 Bc7 33. g3 Ne7 34. f4 Nc8 35. f5 Re8 36. Nxc7 Qxc7 37. e5 Ne7 38. Rf1 Qd7 39. e6 fxe6 40. f6 Nf5 41. Rxf5 1-0

[Event "Titled Tuesday intern op 04th Mar Early"]
[Site "Chess.com INT"]
[Date "2025.03.04"]
[Round "1"]
[White "Boder, Jan"]
[Black "Olund, Joar"]
[Result "1-0"]
[WhiteElo "2317"]
[BlackElo "2352"]
[PlyCount "83"]
[EventDate "2025.03.04"]
[EventType "swiss (blitz)"]
[EventRounds "11"]
[EventCountry "USA"]
[SourceTitle "CB11_2025"]
[SourceDate "2025.03.12"]
[SourceVersion "1"]
[SourceVersionDate "2025.03.12"]
[SourceQuality "1"]

1. c4 e5 2. g3 Nf6 3. Bg2 c6 4. d4 Bb4+ 5. Bd2 Bxd2+ 6. Qxd2 d6 7. Nc3 0-0 8. Nf3 Qe7 9. 0-0 Bg4 10. h3 Bxf3 11. Bxf3 Nbd7 12. Bg2 Rfe8 13. e3 Rad8 14. Rad1 e4 15. d5 c5 16. Qc2 h5 17. Rb1 a5 18. Nb5 Qe5 19. Qc3 Qf5 20. Nxd6 Qg5 21. Nxe8 Rxe8 22. Qxa5 h4 23. g4 Nxg4 24. Qe1 Nge5 25. Kh1 Qf5 26. Qe2 Nf3 27. b4 b6 28. bxc5 bxc5 29. Rb7 Nde5 30. a4 g5 31. Rg1 Nxg1 32. Kxg1 Nf3+ 33. Bxf3 exf3 34. Qf1 Re4 35. Rb8+ Kg7 36. Qa1+ f6 37. Qb2 Qxh3 38. Qb7+ Kg6 39. Rg8+ Kh5 40. Qh7+ Kg4 41. Qxe4+ Kh5 42. Rh8# 1-0

[Event "Titled Tuesday intern op 21st Jan Late"]
[Site "Chess.com INT"]
[Date "2025.01.21"]
[Round "2"]
[White "Thornton, Christian"]
[Black "Boder, Jan"]
[Result "1/2-1/2"]
[WhiteElo "1766"]
[BlackElo "2324"]
[PlyCount "314"]
[EventDate "2025.01.21"]
[EventType "swiss (blitz)"]
[EventRounds "11"]
[EventCountry "USA"]
[SourceTitle "CB05_2025"]
[SourceDate "2025.01.29"]
[SourceVersion "1"]
[SourceVersionDate "2025.01.29"]
[SourceQuality "1"]

1. d4 Nf6 2. c4 e6 3. Nc3 d5 4. cxd5 exd5 5. Bg5 c6 6. e3 Bf5 7. Qf3 Bg6 8. Bxf6 Qxf6 9. Qxf6 gxf6 10. Kd2 Nd7 11. Bd3 Bd6 12. Nge2 Ke7 13. Ng3 b5 14. Nf5+ Bxf5 15. Bxf5 a5 16. g3 h5 17. h4 Nb6 18. Bd3 b4 19. Ne2 a4 20. Rac1 Rhc8 21. Bf5 Rc7 22. Rhg1 b3 23. a3 Nc4+ 24. Kc3 Rb8 25. Bd3 Nxa3 26. bxa3 Bxa3 27. Rb1 Bb4+ 28. Kb2 Bd2 29. Rgd1 a3+ 30. Ka1 Ba5 31. Nc1 b2+ 32. Ka2 bxc1N+ 33. Rdxc1 Rxb1 34. Rxb1 c5 35. dxc5 Rxc5 36. Rb5 Rxb5 37. Bxb5 Be1 38. Be2 Bxf2 39. Bxh5 Bxg3 40. Kxa3 Bxh4 41. Kb4 Bf2 42. Kc5 Ke6 43. Kd4 f5 44. Bf3 f4 45. Bxd5+ Kf6 46. Ke4 fxe3 47. Kf3 Ke7 48. Bc4 f6 49. Ke4 Kd6 50. Kf5 Kc5 51. Be2 Bh4 52. Ke4 Bg5 53. Kf5 Kd4 54. Kg4 Kc3 55. Kf3 Kd2 56. Bb5 Kc3 57. Ba6 Kd4 58. Bb5 Bh4 59. Ba6 Be1 60. Bb5 Bd2 61. Ba6 Ke5 62. Bb5 Kd5 63. Ba6 Kc5 64. Be2 Kd4 65. Ba6 Kc3 66. Bb5 Kb4 67. Ba6 Ka5 68. Be2 Kb6 69. Bc4 Kc6 70. Be2 Kc5 71. Bd3 Kd4 72. Be2 Kc3 73. Bb5 Kc2 74. Bc4 Kd1 75. Bb5 Ke1 76. Bc4 Kd1 77. Bb5 Bc1 78. Bc4 Kd2 79. Bb5 Kc3 80. Ba6 Kd4 81. Be2 Kc5 82. Ba6 Kd6 83. Bb5 Ke5 84. Ba6 Kf5 85. Bb5 Kg5 86. Ba6 Bb2 87. Bb5 Bd4 88. Ba6 Ba7 89. Bb5 Kf5 90. Ba6 Ke5 91. Be2 Kd6 92. Bd3 Kc5 93. Be2 Kd4 94. Ba6 Ke5 95. Bd3 f5 96. Ba6 Kf6 97. Bb5 Kg5 98. Bc4 Kh5 99. Bd3 Kg5 100. Bb5 Kf6 101. Ba6 Ke5 102. Bb5 Kd4 103. Ba6 Kc3 104. Bb5 Kb2 105. Ba6 e2 106. Bxe2 Bb8 107. Bd3 f4 108. Be4 Kc3 109. Bb7 Kd2 110. Ba8 Kc3 111. Bb7 Kd4 112. Ba8 Ke5 113. Bb7 Kf6 114. Ba8 Kg5 115. Bb7 Kh4 116. Ba8 Kh3 117. Bb7 Kh2 118. Ba8 Kg1 119. Bb7 Kf1 120. Ba8 Ke1 121. Bb7 Kd2 122. Ba8 Bc7 123. Bb7 Kc3 124. Ba8 Kb4 125. Bb7 Ka5 126. Be4 Kb5 127. Bb1 Kb6 128. Bf5 Kc5 129. Bg4 Kd4 130. Bh5 Ke5 131. Bg6 Kf6 132. Be4 Ke5 133. Bc6 Kd4 134. Bb7 Kc5 135. Be4 Kb6 136. Bd5 Kb5 137. Be4 Bd6 138. Bd5 Kc5 139. Ba8 Kb6 140. Be4 Kc7 141. Bd5 Kd7 142. Be4 Bb8 143. Bd5 Kd6 144. Be4 Kc5 145. Ba8 Kb6 146. Be4 Ka6 147. Bf5 Ka7 148. Bg4 Kb7 149. Bh5 Kc7 150. Bg4 Kd6 151. Bh5 Ke5 152. Bg4 Kf6 153. Bh5 Be5 154. Bg4 Ke7 155. Ke4 Bb8 156. Bf3 Kd6 157. Bg4 Kc5 1/2-1/2

[Event "Staufer op 35th"]
[Site "Schwaebisch Gmuend"]
[Date "2025.01.04"]
[Round "6"]
[White "Boder, Jan"]
[Black "Melestean, Timur"]
[Result "1/2-1/2"]
[WhiteElo "2324"]
[BlackElo "2157"]
[PlyCount "101"]
[EventDate "2025.01.02"]
[EventType "swiss"]
[EventRounds "9"]
[EventCountry "GER"]
[SourceTitle "CB02_2025"]
[SourceDate "2025.01.08"]
[SourceVersion "1"]
[SourceVersionDate "2025.01.08"]
[SourceQuality "1"]

1. e4 e5 2. Nf3 Nc6 3. Bc4 Bc5 4. c3 Nf6 5. d3 d6 6. 0-0 a6 7. a4 Ba7 8. h3 0-0 9. Nbd2 h6 10. Re1 Re8 11. b4 Be6 12. Bxe6 Rxe6 13. Qc2 d5 14. Nf1 Qd7 15. Ng3 Rd8 16. Nf5 dxe4 17. dxe4 Qd3 18. Ra2 b5 19. Qxd3 Rxd3 20. axb5 axb5 21. Bd2 Re8 22. Kf1 Bb6 23. Re2 Kh7 24. Ne1 Rd7 25. g4 g6 26. Ng3 Nd8 27. g5 hxg5 28. Bxg5 Re6 29. Red2 Rxd2 30. Rxd2 Nb7 31. Bxf6 Rxf6 32. Nd3 Re6 33. Ke2 Kg7 34. f4 exf4 35. Nxf4 Rc6 36. Nd5 Nd6 37. Ra2 Nc4 38. h4 Re6 39. h5 c6 40. Nxb6 Nxb6 41. hxg6 fxg6 42. Ra7+ Kf6 43. Ke3 Nc4+ 44. Kf4 g5+ 45. Kf3 Rd6 46. Rc7 Rd3+ 47. Kf2 Ne5 48. Ne2 Rf3+ 49. Kg2 Re3 50. Nd4 Rxc3 51. Nxb5 1/2-1/2

[Event "Staufer op 35th"]
[Site "Schwaebisch Gmuend"]
[Date "2025.01.02"]
[Round "2"]
[White "Boder, Jan"]
[Black "Nitsche, Nikolai"]
[Result "1-0"]
[WhiteElo "2324"]
[BlackElo "2106"]
[PlyCount "93"]
[EventDate "2025.01.02"]
[EventType "swiss"]
[EventRounds "9"]
[EventCountry "GER"]
[SourceTitle "CB02_2025"]
[SourceDate "2025.01.08"]
[SourceVersion "1"]
[SourceVersionDate "2025.01.08"]
[SourceQuality "1"]

1. c4 Nf6 2. g3 c5 3. Bg2 g6 4. Nc3 Nc6 5. a3 Bg7 6. Rb1 e6 7. b4 cxb4 8. axb4 0-0 9. b5 Na5 10. d3 d5 11. cxd5 exd5 12. Bg5 Be6 13. Nf3 h6 14. Be3 Ng4 15. Bd2 d4 16. Na4 Rc8 17. 0-0 Re8 18. h3 Nf6 19. Nxd4 Qxd4 20. Bxa5 Qd7 21. Kh2 h5 22. Bb4 b6 23. Bd2 h4 24. Nc3 Nh5 25. Ne4 Be5 26. f4 f5 27. fxe5 fxe4 28. gxh4 Qd4 29. Bf4 Nxf4 30. Rxf4 Qxe5 31. e3 Rf8 32. d4 Qd6 33. Qd2 Rc4 34. Rd1 Rxf4 35. exf4 Qd5 36. Qe3 Bf5 37. Rd2 Rb4 38. h5 Rb3 39. Qe1 gxh5 40. Qh4 Qf7 41. Bf1 Rc3 42. Rg2+ Kh8 43. Rg5 Rc2+ 44. Bg2 Bg6 45. f5 Qc7+ 46. Rg3 Be8 47. Qg5 1-0

[Event "Heusenstamm Sparkassen op 11th"]
[Site "Heusenstamm"]
[Date "2024.11.22"]
[Round "3"]
[White "Boder, Jan"]
[Black "Wenzel, Calvin"]
[Result "1/2-1/2"]
[WhiteElo "2338"]
[BlackElo "2058"]
[PlyCount "42"]
[EventDate "2024.11.21"]
[EventType "swiss"]
[EventRounds "7"]
[EventCountry "GER"]
[SourceTitle "CB48_2024"]
[SourceDate "2024.11.28"]
[SourceVersion "1"]
[SourceVersionDate "2024.11.28"]
[SourceQuality "1"]

1. c4 e5 2. g3 Nf6 3. Bg2 c6 4. d4 e4 5. d5 Bb4+ 6. Bd2 Qe7 7. Nc3 0-0 8. Nh3 cxd5 9. cxd5 d6 10. 0-0 Bf5 11. a3 Bc5 12. Bg5 Nbd7 13. Na4 h6 14. Nxc5 dxc5 15. Bd2 Nb6 16. d6 Qxd6 17. Be3 Qe5 18. Rc1 Rac8 19. Qd2 Ng4 20. Bf4 Qe6 21. Qd6 Nf6 1/2-1/2

[Event "Heusenstamm Sparkassen op 11th"]
[Site "Heusenstamm"]
[Date "2024.11.22"]
[Round "2"]
[White "Oezdemir, Ali Oezden"]
[Black "Boder, Jan"]
[Result "0-1"]
[WhiteElo "2043"]
[BlackElo "2338"]
[PlyCount "180"]
[EventDate "2024.11.21"]
[EventType "swiss"]
[EventRounds "7"]
[EventCountry "GER"]
[SourceTitle "CB48_2024"]
[SourceDate "2024.11.28"]
[SourceVersion "1"]
[SourceVersionDate "2024.11.28"]
[SourceQuality "1"]

1. e4 e5 2. Nc3 Nf6 3. f4 d5 4. fxe5 Nxe4 5. Nf3 c5 6. Qe2 Nxc3 7. dxc3 Be7 8. Bf4 0-0 9. 0-0-0 Be6 10. Qf2 Qa5 11. a3 c4 12. Qg3 Re8 13. h4 Nd7 14. h5 Bf8 15. Rh4 Nc5 16. Bh6 Kh8 17. Bg5 Na4 18. h6 g6 19. Nd4 Nxb2 20. Re1 Qxa3 21. Kd2 Na4 22. Nb5 Qb2 23. Nd6 Bxd6 24. exd6 Bf5 25. Rc1 Kg8 26. Be7 Nc5 27. Qe5 Ne6 28. g4 Be4 29. g5 Qb6 30. Rh2 Rxe7 31. dxe7 Qc7 32. Qxc7 Nxc7 33. Bg2 Re8 34. Re1 Rxe7 35. Rh4 Rd7 36. Bxe4 dxe4+ 37. Kc1 f5 38. gxf6 Kf7 39. Rhxe4 Kxf6 40. Rxc4 Kg5 41. Rd4 Rf7 42. Red1 Re7 43. Rd7 Kf6 44. Rf1+ Ke6 45. Rd3 Nb5 46. Kd2 Nd6 47. Re1+ Kd7 48. Ra1 Ke6 49. Re1+ Kd7 50. Ra1 Kc7 51. Rd4 a6 52. Rh1 b5 53. Rf4 Ne4+ 54. Kd3 Nc5+ 55. Kd2 g5 56. Rf5 Ne4+ 57. Kd3 Ng3 58. Rhf1 Nxf1 59. Rxf1 Kb6 60. Rf6+ Ka5 61. Kd4 Rc7 62. Re6 Rc4+ 63. Kd3 Rh4 64. Rf6 Rh3+ 65. Kd4 Rh2 66. Re6 g4 67. Re4 Rd2+ 68. Ke5 Rxc2 69. Rxg4 Rh2 70. Kd5 Rxh6 71. Kc5 Rh3 72. Kd4 Ka4 73. c4 b4 74. Rg1 Rh4+ 75. Kd5 Rh5+ 76. Kd4 a5 77. Ra1+ Kb3 78. c5 Rh4+ 79. Kd5 a4 80. c6 Rg4 81. Kc5 a3 82. Kb5 Rg5+ 83. Kb6 a2 84. c7 Rg8 85. Rd1 Rc8 86. Rh1 Ka3 87. Rf1 b3 88. Rg1 b2 89. Rg3+ Kb4 90. Rg4+ Kc3 0-1

[Event "Arco op 46th"]
[Site "Arco"]
[Date "2024.10.12"]
[Round "8"]
[White "Boder, Jan"]
[Black "Collutiis, Duilio"]
[Result "0-1"]
[WhiteElo "2344"]
[BlackElo "2313"]
[PlyCount "86"]
[EventDate "2024.10.05"]
[EventType "swiss"]
[EventRounds "9"]
[EventCountry "ITA"]
[SourceTitle "CB44_2024"]
[Source "Chessbase"]
[SourceDate "2024.10.30"]
[SourceVersion "1"]
[SourceVersionDate "2024.10.30"]
[SourceQuality "1"]

1. c4 e5 2. g3 Nf6 3. Bg2 c6 4. d4 Bb4+ 5. Bd2 Bxd2+ 6. Qxd2 d6 7. Nc3 0-0 8. Nf3 Qe7 9. 0-0 Re8 10. e4 Nbd7 11. Rad1 a6 12. d5 cxd5 13. Nxd5 Nxd5 14. Qxd5 Nb6 15. Qd3 Bg4 16. b3 Rad8 17. Rd2 Bxf3 18. Bxf3 Nc8 19. Qe3 Qc7 20. Bg4 Ne7 21. f4 Nc6 22. f5 f6 23. Bh5 Rf8 24. Rd5 Nb4 25. Rd2 Qc5 26. Kf2 Nc6 27. Rd5 Qa3 28. Qd2 Nb4 29. Rxd6 Rxd6 30. Qxd6 Qxa2+ 31. Be2 Nc6 32. Rd1 Nd4 33. Rxd4 exd4 34. Qxd4 Qxb3 35. c5 Qa3 36. Bc4+ Kh8 37. Bd5 Rc8 38. Kg2 Qxc5 39. Qa1 Qe3 40. Qa4 b5 41. Qxa6 Qe2+ 42. Kh3 Qh5+ 43. Kg2 Rc2+ 0-1

[Event "Arco op 46th"]
[Site "Arco"]
[Date "2024.10.06"]
[Round "2"]
[White "Zucchelli, Massimo"]
[Black "Boder, Jan"]
[Result "0-1"]
[WhiteElo "2003"]
[BlackElo "2344"]
[PlyCount "66"]
[EventDate "2024.10.05"]
[EventType "swiss"]
[EventRounds "9"]
[EventCountry "ITA"]
[SourceTitle "CB44_2024"]
[Source "Chessbase"]
[SourceDate "2024.10.30"]
[SourceVersion "1"]
[SourceVersionDate "2024.10.30"]
[SourceQuality "1"]

1. d4 d5 2. c4 e6 3. Nc3 Nf6 4. cxd5 exd5 5. Bg5 c6 6. Qc2 h6 7. Bh4 g6 8. e3 Bf5 9. Bd3 Bxd3 10. Qxd3 Be7 11. Nf3 Nbd7 12. 0-0 0-0 13. Rab1 a5 14. Rfc1 Re8 15. a3 Bd6 16. Na4 Qe7 17. Bg3 Bxg3 18. hxg3 Ne4 19. Qc2 b5 20. Nc5 Ndxc5 21. dxc5 a4 22. Nd4 Rac8 23. Qd1 h5 24. Rc2 h4 25. gxh4 Qxh4 26. Rbc1 Kg7 27. Qf3 Rh8 28. Kf1 Rce8 29. Ke2 Nxf2 30. Nxc6 Ng4 31. Rc3 Re6 32. Qxd5 Qf2+ 33. Kd1 Rh1# 0-1

[Event "Titled Tuesday intern op 17th Sep Early"]
[Site "Chess,com INT"]
[Date "2024.09.17"]
[Round "2"]
[White "Boder, Jan"]
[Black "Skotheim, Andreas"]
[Result "0-1"]
[WhiteElo "2344"]
[BlackElo "2234"]
[PlyCount "230"]
[EventDate "2024.09.17"]
[EventType "swiss (blitz)"]
[EventRounds "11"]
[EventCountry "USA"]
[SourceTitle "EXT 2025"]
[Source "ChessBase"]
[SourceDate "2024.10.14"]
[SourceVersion "1"]
[SourceVersionDate "2024.10.14"]
[SourceQuality "1"]

1. e4 c5 2. Nf3 Nf6 3. e5 Nd5 4. c4 Nc7 5. Nc3 g6 6. d4 cxd4 7. Nxd4 Bg7 8. f4 d6 9. Nf3 0-0 10. Be2 Nc6 11. exd6 exd6 12. 0-0 Re8 13. Bd3 d5 14. cxd5 Nxd5 15. Bd2 Ne3 16. Bxe3 Rxe3 17. Bc4 Bg4 18. Bxf7+ Kf8 19. Qxd8+ Rxd8 20. Bb3 Bxf3 21. Rxf3 Rxf3 22. gxf3 Bxc3 23. bxc3 Rd3 24. Kf2 Rxc3 25. f5 Nd4 26. fxg6 Rxf3+ 27. Kg2 hxg6 28. Rd1 Rf4 29. Bc4 Nc2 30. Rd8+ Ke7 31. Kg3 Rxc4 32. Rb8 Rc7 33. Kg4 Kf6 34. h4 Ne3+ 35. Kf4 Nd5+ 36. Ke4 Nc3+ 37. Kf4 Nxa2 38. Rf8+ Rf7 39. Ra8 a6 40. Kg4 Nb4 41. Rc8 Nc6 42. Ra8 Ne5+ 43. Kf4 Rh7 44. Kg3 Kf5 45. Rf8+ Rf7 46. Rb8 Ke4 47. Re8 Rf3+ 48. Kg2 Rb3 49. Re6 a5 50. Re8 a4 51. Ra8 b5 52. Ra5 a3 53. h5 gxh5 54. Ra8 b4 55. Rc8 Kd4 56. Kf2 a2 57. Ra8 Ra3 58. Rd8+ Kc3 59. Rd1 a1Q 60. Rxa1 Rxa1 61. Kg3 Rf1 62. Kg2 Kc2 63. Kh3 b3 64. Kh4 b2 65. Kh3 b1B 66. Kh2 Rh1+ 67. Kg2 h4 68. Kf2 h3 69. Kg3 Rg1+ 70. Kh2 Rg3 71. Kxg3 Kd3 72. Kxh3 Kd4 73. Kg3 Be4 74. Kf2 Nc4 75. Ke2 Nd6 76. Kd2 Nf5 77. Ke2 Bd5 78. Kd2 Bf3 79. Kc2 Ne3+ 80. Kb3 Nd5 81. Kc2 Be2 82. Kb3 Bd3 83. Kb2 Kc4 84. Ka3 Kc3 85. Ka2 Nc7 86. Ka1 Nb5 87. Ka2 Nd4 88. Ka1 Nb3+ 89. Ka2 Be4 90. Ka3 Bb1 91. Ka4 Nd4 92. Ka5 Kc4 93. Kb6 Nb5 94. Kc6 Bf5 95. Kb6 Be4 96. Ka5 Kc5 97. Ka4 Bc2+ 98. Ka5 Nd6 99. Ka6 Bb3 100. Ka5 Nb7+ 101. Ka6 Kc6 102. Ka7 Kc7 103. Ka6 Bc4+ 104. Ka7 Nd8 105. Ka8 Bb5 106. Ka7 Ne6 107. Ka8 Nc5 108. Ka7 Na4 109. Ka8 Nc3 110. Ka7 Ne4 111. Ka8 Nf6 112. Ka7 Ne8 113. Ka8 Nd6 114. Ka7 Nc8+ 115. Ka8 Bc6# 0-1

[Event "Titled Tuesday intern op 17th Sep Late"]
[Site "Chess,com INT"]
[Date "2024.09.17"]
[Round "7"]
[White "Boder, Jan"]
[Black "Zeltsan, Joseph"]
[Result "0-1"]
[WhiteElo "2344"]
[BlackElo "2405"]
[PlyCount "70"]
[EventDate "2024.09.17"]
[EventType "swiss (blitz)"]
[EventRounds "11"]
[EventCountry "USA"]
[SourceTitle "EXT 2025"]
[Source "ChessBase"]
[SourceDate "2024.10.14"]
[SourceVersion "1"]
[SourceVersionDate "2024.10.14"]
[SourceQuality "1"]

1. e4 c5 2. Nf3 d6 3. c3 Nf6 4. Be2 g6 5. 0-0 Bg7 6. Re1 0-0 7. Bf1 Nc6 8. d4 cxd4 9. cxd4 Bg4 10. d5 Ne5 11. Be2 Nxf3+ 12. Bxf3 Bxf3 13. Qxf3 Qb6 14. Nc3 Rac8 15. Rb1 Nd7 16. Be3 Qa6 17. Bg5 Rfe8 18. Qh3 Ne5 19. Red1 Nc4 20. Ne2 Nxb2 21. Rd2 Qxa2 22. Rf1 Qc4 23. Qh4 a5 24. Bxe7 a4 25. Bxd6 Rxe4 26. Qh3 Rd8 27. Ng3 Rh4 28. Rc2 Rxh3 29. Rxc4 Nxc4 30. Be7 Rd7 31. d6 Rxg3 32. fxg3 a3 33. Rc1 a2 34. h4 a1Q 35. Rxa1 Bxa1 0-1

[Event "Titled Tuesday intern op 17th Sep Early"]
[Site "Chess,com INT"]
[Date "2024.09.17"]
[Round "3"]
[White "Nikulina, Alena"]
[Black "Boder, Jan"]
[Result "0-1"]
[WhiteElo "1875"]
[BlackElo "2344"]
[PlyCount "66"]
[EventDate "2024.09.17"]
[EventType "swiss (blitz)"]
[EventRounds "11"]
[EventCountry "USA"]
[SourceTitle "EXT 2025"]
[Source "ChessBase"]
[SourceDate "2024.10.14"]
[SourceVersion "1"]
[SourceVersionDate "2024.10.14"]
[SourceQuality "1"]

1. e4 c6 2. d4 d5 3. f3 dxe4 4. fxe4 e5 5. Nf3 exd4 6. Qxd4 Qxd4 7. Nxd4 Nf6 8. Bd3 Bc5 9. Nf5 Bxf5 10. exf5 Nbd7 11. Nc3 0-0 12. Bg5 Rfe8+ 13. Kd2 h6 14. Bf4 Ne5 15. Bxe5 Rxe5 16. Rhe1 Bd6 17. Rxe5 Bxe5 18. h3 Bf4+ 19. Ke2 Re8+ 20. Kf2 b5 21. g3 Be3+ 22. Kf3 Bd4 23. Ne4 Bxb2 24. Re1 Nd5 25. Re2 Bd4 26. c3 Bb6 27. Nd6 Rxe2 28. Bxe2 Nxc3 29. a3 Bc5 30. Nc8 a6 31. Bd3 Kf8 32. Be4 Nxe4 33. Kxe4 Ke8 0-1

[Event "Titled Tuesday intern op 20th Aug Late"]
[Site "Chess.com INT"]
[Date "2024.08.20"]
[Round "4"]
[White "Odegov, Artem"]
[Black "Boder, Jan"]
[Result "0-1"]
[WhiteElo "2261"]
[BlackElo "2349"]
[PlyCount "132"]
[EventDate "2024.08.20"]
[EventType "swiss (blitz)"]
[EventRounds "11"]
[EventCountry "USA"]
[SourceTitle "EXT 2025"]
[Source "ChessBase"]
[SourceDate "2024.10.14"]
[SourceVersion "1"]
[SourceVersionDate "2024.10.14"]
[SourceQuality "1"]

1. d4 Nf6 2. Nf3 e6 3. c4 d5 4. g3 Be7 5. Bg2 0-0 6. 0-0 c6 7. Qc2 a5 8. Nbd2 b5 9. b3 bxc4 10. bxc4 Ba6 11. Ne5 Qc7 12. Ndf3 Nbd7 13. Bf4 Nxe5 14. Bxe5 Qa7 15. c5 Ne4 16. Rfb1 f6 17. Bf4 Bc4 18. Rb6 e5 19. Be3 exd4 20. Bxd4 Bxc5 21. Bxc5 Nxc5 22. Rxc6 Ne4 23. Rxc4 Qxf2+ 24. Kh1 Nxg3+ 25. hxg3 dxc4 26. Qxc4+ Kh8 27. Ng1 Rac8 28. Qf4 Qc5 29. Nf3 Rfe8 30. Bh3 Rcd8 31. Rc1 Qd5 32. Re1 Qxa2 33. e4 Qf2 34. Rf1 Qc5 35. e5 Qc6 36. Bg2 Qe6 37. Qh4 h6 38. Kh2 fxe5 39. Rf2 Kg8 40. Bh3 Qg6 41. Re2 e4 42. Ng1 e3 43. Qf4 Rd2 44. Rxd2 exd2 45. Qxd2 Qf7 46. Kg2 Kh8 47. Kh1 Rf8 48. Bg2 a4 49. Qa5 Qb3 50. Nf3 a3 51. Nh4 Qxg3 52. Nf3 Rxf3 53. Qa8+ Kh7 54. Bxf3 Qe1+ 55. Kg2 Qd2+ 56. Kg3 Qg5+ 57. Kf2 Qd2+ 58. Kf1 a2 59. Be4+ g6 60. Qb7+ Kh8 61. Qc8+ Kg7 62. Qc7+ Kf8 63. Qc8+ Kg7 64. Qc7+ Kf6 65. Qb6+ Ke5 66. Qa5+ Qxa5 0-1

[Event "Titled Tuesday intern op 16th Jul Late"]
[Site "Chess.com INT"]
[Date "2024.07.16"]
[Round "2"]
[White "Hernandez Guerrero, Gilberto Eduardo"]
[Black "Boder, Jan"]
[Result "1-0"]
[WhiteElo "2506"]
[BlackElo "2349"]
[PlyCount "90"]
[EventDate "2024.07.16"]
[EventType "swiss (blitz)"]
[EventRounds "11"]
[EventCountry "USA"]
[SourceTitle "EXT 2025"]
[Source "ChessBase"]
[SourceDate "2024.10.14"]
[SourceVersion "1"]
[SourceVersionDate "2024.10.14"]
[SourceQuality "1"]

1. e4 e5 2. Nf3 Nf6 3. Nxe5 d6 4. Nf3 Nxe4 5. Bd3 Nc5 6. Be2 Be7 7. d4 Ne4 8. c4 c6 9. 0-0 0-0 10. Bd3 d5 11. cxd5 cxd5 12. Nc3 Bf5 13. Qc2 Nc6 14. a3 Bf6 15. Be3 Re8 16. Rac1 Rc8 17. h3 a6 18. Kh1 h6 19. Qb3 Na5 20. Qxd5 Nxf2+ 21. Bxf2 Bxd3 22. Rfd1 Bc4 23. Qf5 Nb3 24. Rb1 Be6 25. Qf4 Bd5 26. Ne5 Bxe5 27. dxe5 Rxc3 28. bxc3 Na5 29. Bb6 Qd7 30. Kh2 Nc6 31. c4 Rxe5 32. Rxd5 Rxd5 33. cxd5 Qxd5 34. Re1 f6 35. Qe4 Qd6+ 36. Kh1 Ne5 37. Bg1 h5 38. Bh2 b5 39. Bxe5 fxe5 40. Qxe5 Qd2 41. Qe8+ Kh7 42. Qxh5+ Qh6 43. Qxh6+ Kxh6 44. Re6+ Kg5 45. Rxa6 Kf4 1-0

[Event "Titled Tuesday intern op 02nd Jul Early"]
[Site "Chess.com INT"]
[Date "2024.07.02"]
[Round "1"]
[White "Czopor, Maciej"]
[Black "Boder, Jan"]
[Result "0-1"]
[WhiteElo "2361"]
[BlackElo "2349"]
[PlyCount "73"]
[EventDate "2024.07.02"]
[EventType "swiss (blitz)"]
[EventRounds "11"]
[EventCountry "USA"]
[SourceTitle "EXT 2025"]
[Source "ChessBase"]
[SourceDate "2024.10.14"]
[SourceVersion "1"]
[SourceVersionDate "2024.10.14"]
[SourceQuality "1"]

1. Nf3 c5 2. g3 Nf6 3. Bg2 g6 4. 0-0 Bg7 5. d3 0-0 6. Nbd2 Nc6 7. e4 d6 8. h3 e5 9. Nh2 d5 10. exd5 Nxd5 11. Nc4 Be6 12. Re1 Qc7 13. Ng4 Rad8 14. a4 f5 15. Nge3 Nxe3 16. Bxe3 Bxc4 17. Bxc5 Rfe8 18. Qe2 Bd5 19. Bxd5+ Rxd5 20. Be3 Nd4 21. Bxd4 Rxd4 22. c3 Rd5 23. a5 Qc6 24. a6 bxa6 25. Ra2 e4 26. d4 Rb5 27. Rea1 Qb7 28. b4 e3 29. Rxa6 exf2+ 30. Qxf2 Qc7 31. Qf3 Rb7 32. Rc6 Qf7 33. h4 Rbe7 34. Kh2 Re3 35. Qf1 Re2+ 36. Kh3 f4 37. g4 0-1

[Event "Titled Tuesday intern op 11th Jun Late"]
[Site "Chess.com INT"]
[Date "2024.06.11"]
[Round "4"]
[White "Ambartsumova, Karina"]
[Black "Boder, Jan"]
[Result "1/2-1/2"]
[WhiteElo "2406"]
[BlackElo "2331"]
[PlyCount "81"]
[EventDate "2024.06.11"]
[EventType "swiss (blitz)"]
[EventRounds "11"]
[EventCountry "USA"]
[SourceTitle "EXT 2025"]
[Source "ChessBase"]
[SourceDate "2024.10.14"]
[SourceVersion "1"]
[SourceVersionDate "2024.10.14"]
[SourceQuality "1"]

1. d4 Nf6 2. c4 e6 3. Nc3 d5 4. cxd5 exd5 5. Bg5 Be7 6. e3 c6 7. Bd3 Nbd7 8. Qc2 h6 9. Bh4 0-0 10. Nf3 Re8 11. 0-0 Ne4 12. Bxe7 Qxe7 13. a3 Ndf6 14. Na4 Bg4 15. Ne5 Bc8 16. f3 Nd6 17. Rae1 Nd7 18. Nxd7 Bxd7 19. e4 dxe4 20. fxe4 b6 21. e5 Nb5 22. Qf2 Be6 23. Re4 Rad8 24. Rf4 Rd7 25. Bxb5 cxb5 26. Nc3 b4 27. Ne4 bxa3 28. bxa3 Qxa3 29. Rf3 Qf8 30. Rg3 Kh8 31. Qe3 Bc4 32. Rc1 b5 33. Qf2 Red8 34. Rd1 Bd5 35. Nf6 Rc7 36. Qf5 gxf6 37. Qxf6+ Kh7 38. Qf5+ Kh8 39. Qf6+ Kh7 40. Qf5+ Kh8 41. Qf6+ 1/2-1/2

[Event "Titled Tuesday intern op 04th Jun Early"]
[Site "Chess.com INT"]
[Date "2024.06.04"]
[Round "1"]
[White "Boder, Jan"]
[Black "Drygalov, Sergey"]
[Result "0-1"]
[WhiteElo "2331"]
[BlackElo "2541"]
[PlyCount "88"]
[EventDate "2024.06.04"]
[EventType "swiss (blitz)"]
[EventRounds "11"]
[EventCountry "USA"]
[SourceTitle "EXT 2025"]
[Source "ChessBase"]
[SourceDate "2024.10.14"]
[SourceVersion "1"]
[SourceVersionDate "2024.10.14"]
[SourceQuality "1"]

1. e4 c5 2. Nf3 d6 3. c3 Nf6 4. Be2 g6 5. 0-0 Bg7 6. Re1 0-0 7. Bf1 e5 8. h3 Nc6 9. d3 h6 10. a3 a6 11. b4 Be6 12. Nbd2 Rc8 13. Bb2 Nh5 14. g3 b5 15. Bg2 a5 16. d4 cxd4 17. cxd4 exd4 18. Nb3 axb4 19. Nbxd4 bxa3 20. Rxa3 Nxd4 21. Bxd4 Nf6 22. Ra7 b4 23. Qa1 b3 24. Rb1 Rc2 25. Bf1 Ra2 26. Rxa2 bxa2 27. Rc1 Qe7 28. e5 dxe5 29. Bc5 Qb7 30. Bxf8 Bxf8 31. Nxe5 Ba3 32. Rd1 Bb2 33. Rd8+ Kg7 34. Qe1 a1Q 35. Qe2 Bxe5 36. Rd1 Qa3 37. Rd3 Qc1 38. Rd1 Qcc6 39. f3 Qxf3 40. Qxf3 Qxf3 41. Rd2 Qe3+ 42. Rf2 Bd4 43. Kh1 Qxf2 44. Bg2 Qg1# 0-1